Customer in the boardroom? : crafting customer-based business strategy (Record no. 193727)

MARC details
000 -LEADER
fixed length control field 00501nam a2200157Ia 4500
005 - DATE AND TIME OF LATEST TRANSACTION
control field 20250201101153.0
008 - FIXED-LENGTH DATA ELEMENTS--GENERAL INFORMATION
fixed length control field 231217s9999 xx 000 0 und d
020 ## - INTERNATIONAL STANDARD BOOK NUMBER
International Standard Book Number 9788132106357
082 ## - DEWEY DECIMAL CLASSIFICATION NUMBER
Classification number 658.4012 BIJ;1 R
100 ## - MAIN ENTRY--PERSONAL NAME
Personal name Bijapurkar, Rama.
245 #0 - TITLE STATEMENT
Title Customer in the boardroom? : crafting customer-based business strategy
260 ## - PUBLICATION, DISTRIBUTION, ETC. (IMPRINT)
Date of publication, distribution, etc. 2012
Name of publisher, distributor, etc. Sage Publication
Place of publication, distribution, etc. New Delhi
300 ## - PHYSICAL DESCRIPTION
Extent xxii, 232 p.
650 ## - SUBJECT ADDED ENTRY--TOPICAL TERM
Topical term or geographic name as entry element Customer,boardroom?,crafting,customer-based,business,strategy
942 ## - ADDED ENTRY ELEMENTS (KOHA)
Koha item type Books
Holdings
Date last seen Total Checkouts Full call number Accession number Old discount Uniform Resource Identifier Cost, replacement price Price effective from Category Lost status Damaged status Department Withdrawn status bill no. bill date Permanent Location Current Location Shelving location Entry date Vendor Cost, normal purchase price Grants Currency symbol Conversion rate Discount Discount type
26/01/2024   658.4012 BIJ;1 R 81500 25 digital/contents/81500.pdf 371.25 26/01/2024 Books     MBA   SIPHO/2012/CRB/555 13/10/2017 Central Library Central Library MBA 19/07/2012 Surya Infotainment Products Pvt. Ltd. 495.00 MBA RS 1 123.75 Rupees
26/01/2024   658.4012 BIJ;2 R1 81501 25 digital/contents/81500.pdf 371.25 26/01/2024 Books     Central Library   SIPHO/2012/CRB/555 13/10/2017 Central Library Central Library Central Library 19/07/2012 Surya Infotainment Products Pvt. Ltd. 495.00 MBA RS 1 123.75 Rupees
26/01/2024   658.4012 BIJ;3 R2 81502 25 digital/contents/81500.pdf 371.25 26/01/2024 Books     Central Library   SIPHO/2012/CRB/555 13/10/2017 Central Library Central Library Central Library 19/07/2012 Surya Infotainment Products Pvt. Ltd. 495.00 MBA RS 1 123.75 Rupees
26/01/2024   658.4012 BIJ;4 81503 25 digital/contents/81500.pdf 371.25 26/01/2024 Books     Central Library   SIPHO/2012/CRB/555 13/10/2017 Central Library Central Library Central Library 19/07/2012 Surya Infotainment Products Pvt. Ltd. 495.00 MBA RS 1 123.75 Rupees
26/01/2024   658.4012 BIJ;5 81504 25 digital/contents/81500.pdf 371.25 26/01/2024 Books     Central Library   SIPHO/2012/CRB/555 13/10/2017 Central Library Central Library Central Library 19/07/2012 Surya Infotainment Products Pvt. Ltd. 495.00 MBA RS 1 123.75 Rupees

© For any Suggestions or Query, please contact the library staff @ librarian@pes.edu or Phone: +9180 2672 1983/ 2108.